00394nam a2200157Ia 45000010006000000050017000060080041000230410008000640820016000721000035000882450060001232600009001833000028001926500008002206540008002281730520260306171508.0260306s9999||||xx |||||||||||||| ||und|| aESP a657.61bL97 aLuján Alburqueque, LuiseAUT 0aCasos prácticos del plan contable general empresarial c2020 a493 páginas :c25 cm. aGEN aCCO